| 000 | 00567nam a2200157Ia 4500 | ||
|---|---|---|---|
| 008 | 230907s9999||||xx |||||||||||||| ||und|| | ||
| 082 |
_a621.31249 _bMUS |
||
| 100 |
_aMustafa Anwar (NUST201260710MCES64112F) _9116265 |
||
| 245 | 0 | _aDevelopment of samarium doped ceria (SDC) and SDC-based composite electrolyte for application in intermediate temperature solid oxide fuel cells (SOFCs) / | |
| 264 |
_aIslamabad : _bUSPCAS-E |
||
| 300 | _ax, 116 p. : | ||
| 520 | _aTH-3 | ||
| 650 | _aMS-ESE Thesis MS Thesis | ||
| 700 | _aDr Zuhair Subhani Khan | ||
| 942 |
_2ddc _cTHE |
||
| 999 |
_c601682 _d601682 |
||